|
|
|
|
| LEADER |
01024nam a22003012a 4500 |
| 001 |
000484113 |
| 003 |
CZ BrMZK |
| 005 |
20040506151234.0 |
| 007 |
ta |
| 008 |
010907s1986 xr a 000 m cze d |
| 020 |
|
|
|q (Brož.) :
|c 12 Kčs
|
| 040 |
|
|
|a ABA001
|b cze
|d BOA002
|d ABA001
|
| 080 |
|
|
|a 912
|2 MRF
|
| 080 |
|
|
|a 94/99
|2 MRF
|
| 245 |
0 |
0 |
|a Dějepisný atlas pro pátý ročník ; kresby a předsádky Libuše Patočková
|
| 250 |
|
|
|a 5. vyd.
|
| 260 |
|
|
|a Praha :
|b Geodetický a kartografický podnik,
|c 1986
|e (Pardubice :
|f VČT)
|
| 300 |
|
|
|a 24 s. :
|b barev. obr. a mp. ;
|c 30x21 cm
|
| 500 |
|
|
|a Vysvětl.
|
| 500 |
|
|
|a 510001-570000 výt.
|
| 500 |
|
|
|a Místní rejstřík
|
| 655 |
|
7 |
|a atlasy
|7 fd131835
|2 czenas
|
| 655 |
|
7 |
|a příručky
|7 fd133209
|2 czenas
|
| 700 |
1 |
|
|a Klímová, Eva
|7 mzk2006355701
|4 aut
|
| 700 |
1 |
|
|a Patočková, Libuše
|7 jx20031211002
|4 ill
|
| 910 |
|
|
|a BOA001
|b PK-N-0025.348
|
| 990 |
|
|
|a BK
|
| 996 |
7 |
|
|b 3119836790
|c PK-N-0025.348
|l MZK
|r Sklad / do 1 hodiny
|n 0
|w 000484113
|u 000010
|a 1
|e BOA001
|j MZK50
|s A
|